00906nam a2200265Ia 4500003000400000005001700004008004100021020001500062040001800077041000800095082002500103100003100128245002600159250001200185260005000197300002700247650003100274650002400305650005600329650005000385650002900435942003000464999001900494952012700513OSt20250128161110.0210716s2002 xx 000 0 und d a8126502584 cAIMIT LIBRARY aeng a005.7401 21stbMCCC aMcCullough, Carol.9195863 aOracle9i for dummies. a1st ed. aNew Delhi :bIDG Books India (P) Ltd ,c2002. aix,401 p.;bPBc25 cm. aSQL nuts and bolts9195864 aObject sql 9195865 aCreating object types objects and reference9195866 aSpecial tasks with enterprise manager9195867 aCorrecting flaws9195868 2ddccBKe1k005.7401 MCCC c184715d184715 001040708MCAaAIMITbAIMITd2021-07-16g199.00l0o005.7401 MCCCpMCA04223r2026-05-23 00:00:00v199.00w2021-07-16yBK